000 00414nam a2200169 4500
001 44763
090 _a44763
100 _a20250917 pory50
101 _apor
_aing
102 _aPT
200 _aOs segredos das linhas de Nasca
_fNational Geographic
210 _a[S.l.]
_cNational Geographic
_d[2010]
215 _a1 DVD
225 _aNational Geographic
675 _a94(3)
801 _aPT
_gRPC
990 _cFILMES DVD